000
00304nam a22001337a 4500
008
171123b xxu||||| |||| 00| 0 eng d
020
_a
9780070039629
041
_a
eng
080
_a
62
100
_a
26
101
_a
MEK
245
_a
ELECTRONIC MEASUREMENTS & TESTING
_c
BARTLETT,E.R
942
_2
udc
_c
BK
999
_c
38351
_d
38351